Cooperation and Discord in U.S. - Soviet Arms Control

Salvato in:
Dettagli Bibliografici
Autore principale: Weber, Steve
Natura: Libro
Lingua:inglese
Pubblicazione: Princeton Princeton University Press 1991
Edizione:1. ed.
Soggetti:
Tags: Aggiungi Tag
Nessun Tag, puoi essere il primo ad aggiungerne!!

MARC

LEADER 00000nam a2200000 4500
001 c019352
005 20221206114505.0
020 |a 0-691-07837-8 
041 0 |a eng 
044 |a US 
245 1 0 |a Cooperation and Discord in U.S. - Soviet Arms Control  |c Steve Weber 
250 |a 1. ed. 
264 1 |a Princeton  |b Princeton University Press  |c 1991 
300 |a 331 s. 
610 2 0 |a priemysel zbrojársky 
610 2 0 |a sily ozbrojené 
610 2 0 |a technika jadrová 
610 2 0 |a technika vojenská 
610 2 0 |a armáda 
610 2 0 |a vojenstvo 
610 2 0 |a spolupráca medzinárodná 
610 2 0 |a kooperácia 
610 2 0 |a kontrola 
610 2 0 |a politika medzinárodná 
610 2 0 |a USA 
610 2 0 |a ZSSR 
100 1 |a Weber, Steve